LEADER 01182nam0 22002891i 450 001 UON00094485 005 20231205102526.268 010 $a01-981433-3-8 100 $a20020107d2005 |0itac50 ba 101 $agrc 102 $aGB 105 $a|||| ||||| 200 1 $aPoetae melici graeci$eAlcmanis, Stesichori, Ibyci, Anacreontis, Simonidis, Corinnae, poetarum minorum reliquias$eCarmina popularia et convivialia quaeque adespota feruntur $fedidit D. L. Page 205 $aReprint 210 $aOxford$cClarendon Press$dstampa 2005 215 $axi, 623 p.$d22 cm 606 $aPoesia greca$3UONC025611$2FI 620 $aGB$dOxford$3UONL000029 676 $a881$cPoesia greca classica$v21 702 1$aPAGE$bDenys L.$3UONV063437 712 $aClarendon Press$3UONV246509$4650 801 $aIT$bSOL$c20260116$gRICA 899 $aSIBA - SISTEMA BIBLIOTECARIO DI ATENEO E ARCHIVIO STORICO$2UONSI 912 $aUON00094485 950 $aSIBA - SISTEMA BIBLIOTECARIO DI ATENEO E ARCHIVIO STORICO$dSI T 1 LYR 0410 $eSI MC 31540 7 996 $aPoetae Melici Graeci$9556423 997 $aUNIOR LEADER 04984nam 2200745 a 450 001 9910967620603321 005 20251116203803.0 010 $a9789812777959 010 $a9812777954 035 $a(CKB)1000000000413107 035 $a(EBL)1679840 035 $a(OCoLC)879024147 035 $a(SSID)ssj0000133951 035 $a(PQKBManifestationID)11141992 035 $a(PQKBTitleCode)TC0000133951 035 $a(PQKBWorkID)10046442 035 $a(PQKB)10732200 035 $a(MiAaPQ)EBC1679840 035 $a(WSP)00004895 035 $a(Au-PeEL)EBL1679840 035 $a(CaPaEBR)ebr10201213 035 $a(CaONFJC)MIL505432 035 $a(Perlego)847247 035 $a(EXLCZ)991000000000413107 100 $a20021016d2002 uy 0 101 0 $aeng 135 $aur|n|---||||| 181 $ctxt 182 $cc 183 $acr 200 10$aCurrent high-energy emission around black holes $eproceedings of the 2nd KIAS Astrophysics Workshop : Korea Institute for Advanced Study, September 3-8, 2001 /$feditors, Chang-Hwan Lee, Heon-Young Chang 205 $a1st ed. 210 $aNew Jersey $cWorld Scientific$dc2002 215 $a1 online resource (356 p.) 300 $aDescription based upon print version of record. 311 08$a9789810248703 311 08$a9810248709 320 $aIncludes bibliographical references. 327 $aContents ; Preface ; Part 1: Black Hole Observations ; Black Hole Demographics ; Kiloparsec Jets from Massive Black Holes in Radio-Loud AGN ; ASCA and RXTE Observations of the Accretion Disk in X-ray Binaries 327 $aSearching for Evidence of Tidal Disruption Event in Long-Term X-ray Light Curve of Seyfert Galaxy MCG-2-58-22 Existence of X-ray Jets on Kiloparsec Scales in Radio-Loud AGNs ; Part 2: Accretion Disk/Formation of Jets 327 $aMagnetic Stresses in the Inner Regions of Accretion Disks around Black Holes Rayleigh Scattered Lya in Active Galactic Nuclei ; Black Hole Accretion in Transient X-ray Binaries ; X-ray Variability of Galactic Black Holes and Simulated Magnetohydrodynamical Flow 327 $aOn Energetics and Structure of Sub-Parsec Scale Jets in Quasars Large Scale Jets and the Nuclear Engine ; Magnetic Field Generation in Accretion Disks ; Radiation Driven Wind from Hot Accretion Flow ; Modes of Accretion in X-ray Sources 327 $aPart 3: Energy Extraction from Rotating Black Holes Current High Energy Emission from Black Holes ; Pair Production Cascade in Black-Hole Magnetosphere ; The Transfield Equation of the Axisymmetric Nonstationary Magnetosphere of a Black Hole 327 $aGamma-ray Bursts and Gravitational Radiation from Black Hole-Torus Systems 330 $a Black holes exist in galactic nuclei and in some X-ray binaries found in our own galaxy and the large Magellanic Cloud. This volume focuses on astrophysical high-energy emission processes around black holes, and the development of theoretical frameworks for interesting observational results.
Contents:
Readership: Graduate students, post-docs and academics in astrophysic 606 $aBlack holes (Astronomy)$vCongresses 606 $aAstrophysics$vCongresses 606 $aAccretion (Astrophysics)$vCongresses 606 $aJets (Nuclear physics)$vCongresses 615 0$aBlack holes (Astronomy) 615 0$aAstrophysics 615 0$aAccretion (Astrophysics) 615 0$aJets (Nuclear physics) 676 $a523.8/875 701 $aLee$b Chang-Hwan$01890481 701 $aChang$b Ho?n-yo?ng$01890482 712 02$aKodu?ng Kwahagwo?n (Korea) 712 12$aKIAS Astrophysics Workshop 801 0$bMiAaPQ 801 1$bMiAaPQ 801 2$bMiAaPQ 906 $aBOOK 912 $a9910967620603321 996 $aCurrent high-energy emission around black holes$94532386 997 $aUNINA